Southville International School and Colleges
Your cart is empty.
  • Cart
  • Lists
    Public lists Eva Luna New books Lux_list list_1
    Your lists Log in to create your own lists
  • Log in to your account
  • Your cookies
  • Search history
Southville International School and Colleges
  • Advanced search
  • Recent comments
  • Most popular
  • Libraries

Log in to your account

Log in with GOOGLE


If you do not have an external account, but do have a local account, you can still log in:

  1. Home
  2. MARC view: Crossing borders :
Normal view MARC view ISBD view

Crossing borders : (Record no. 362646)

[ view plain ]
MARC details
000 -LEADER
fixed length control field 00465nam a2200145Ia 4500
008 - FIXED-LENGTH DATA ELEMENTS--GENERAL INFORMATION
fixed length control field 191111s9999 xx 000 0 und d
020 ## - INTERNATIONAL STANDARD BOOK NUMBER
International Standard Book Number 9781506346922
100 ## - MAIN ENTRY--PERSONAL NAME
Personal name Chernotsky, Harry I.
245 ## - TITLE STATEMENT
Statement of responsibility, etc Harry I. Chernotsky.--
Title Crossing borders :
Remainder of title interntaional studies for the 21st century /
250 ## - EDITION STATEMENT
Edition statement 3rd ed
260 ## - PUBLICATION, DISTRIBUTION, ETC. (IMPRINT)
Place of publication, distribution, etc USA :
Name of publisher, distributor, etc Sage
Date of publication, distribution, etc 2018
300 ## - PHYSICAL DESCRIPTION
Extent xxii, 336 pages.
650 ## - SUBJECT ADDED ENTRY--TOPICAL TERM
Topical term or geographic name as entry element Boundaries -- social aspects
650 ## - SUBJECT ADDED ENTRY--TOPICAL TERM
Topical term or geographic name as entry element Globalization -- social aspects
Holdings
Withdrawn status Lost status Damaged status Home library Current library Shelving location Date acquired Source of acquisition Total Checkouts Full call number Barcode Date last seen Price effective from Koha item type
      College Library College Library Reserve Section 11/11/2019 Library Fund   HC 79.T4 .C521 2018 C22000 11/11/2019 11/11/2019 Books

Crossing borders :

APA

Chernotsky H. I., . (2018). Crossing borders. USA: Sage.

Chicago

Chernotsky Harry I, . 2018. Crossing borders. USA: Sage.

Harvard

Chernotsky H. I., . (2018). Crossing borders. USA: Sage.

MLA

Chernotsky Harry I, . Crossing borders. USA: Sage. 2018.

  • Place hold
  • Print
  • Cite
  • Add to your cart (remove)
  • Save record
    BIBTEX Dublin Core MARCXML MARC (non-Unicode/MARC-8) MARC (Unicode/UTF-8) MARC (Unicode/UTF-8, Standard) MODS (XML) RIS
  • More searches
    Search for this title in:
    Other Libraries (WorldCat) Other Databases (Google Scholar) Online Stores (Bookfinder.com) Open Library (openlibrary.org)

Exporting to Dublin Core...

SOUTHVILLE LIBRARY

Southville International School and Colleges Library

1281 Tropical Ave. Cor. Luxembourg St., BF Homes International, Las Pinas City

Tel. No. 8256374 / 252358 Loc. 117/146

Powered by Koha